| 000 | 01039cam a2200301 i 4500 | ||
|---|---|---|---|
| 001 | 1255596892 | ||
| 003 | OSt | ||
| 005 | 20250826110949.0 | ||
| 008 | 210330t20222022mauaf b 001 0beng | ||
| 020 | _a9780262046435 (Hardcover) | ||
| 024 | _cUSD 17.00 | ||
| 040 |
_aDLC _beng _erda _cNUST _dNUST |
||
| 050 | 0 | 0 | _aTA455.C3 WEI |
| 100 | 1 |
_aWeinstock, Maia _eAuthor |
|
| 245 | 1 | 0 |
_aCarbon queen : _bthe remarkable life of nanoscience pioneer Mildred Dresselhaus / _cMaia Weinstock. |
| 260 |
_aCambridge, Massachusetts : _bThe MIT Press, _c©2022. |
||
| 300 |
_a306 pages : _bIllustrations ; _c22 cm. |
||
| 336 |
_atext _btxt _2rdacontent |
||
| 337 |
_aunmediated _bn _2rdamedia |
||
| 338 |
_avolume _bnc _2rdacarrier |
||
| 504 | _aIncludes bibliographical references and index. | ||
| 650 | 0 | _aCarbon. | |
| 650 | 0 | _aNanotubes. | |
| 650 | 0 | _aNanoscience. | |
| 650 | 0 |
_aPhysicists _xUnited States _yBiography |
|
| 650 | 0 |
_aWomen physicists _xUnited States _yBiography. |
|
| 942 |
_2lcc _cBOOKS _hTA455.C3 WEI _kTA _mWEI _n0 |
||
| 999 |
_c171693 _d171693 |
||